00895nam a22002657a 45000010005000000030006000050050017000110080041000280200018000690400029000870500013001160820010001291000015001392450104001542500048002582600038003063000049003444900021003935050008004145200097004225210020005195210020005396500034005597000036005934986FISKH20250815161908.0241030b cb ||||| |||| 00| 0 eng d a9780590674447 aFISKHbengcFISKHdFISKH aE208.M83 a973.3 aMoore, Kay aIf You Lived at the Time of the American Revolution /cby Kay Moore : illustrated by Daniel O'Leary aThis edition first printing, September 2006 aNew York : bScholastic ;c1997.  a80 pages : bcolor illustrations ;c20 cm .  aIf you... (1780) aU  aDescribes conditions for the civilians in the colonies during and immediately after the war.8 a860 bLexile 8 aU bRaz-Plus  aAmerican historyvnon-fiction aWilliams, LaurieeBook Designer